LIBRARY & INFORMATION CENTRE, KCAET, TAVANUR

ONLINE PUBLIC ACCESS CATALOGUE (OPAC)

Text book of electricity and magnetism / (Record no. 11096)

MARC details
000 -LEADER
fixed length control field 00479cam a2200193ua 4500
041 ## - LANGUAGE CODE
Language code of text/sound track or separate title eng
082 ## - DEWEY DECIMAL CLASSIFICATION NUMBER
Classification number 537
Item number BRI/Te
100 ## - MAIN ENTRY--AUTHOR NAME
Personal name Brijlal, S .
245 ## - TITLE STATEMENT
Title Text book of electricity and magnetism /
250 ## - EDITION STATEMENT
Edition statement 14 /
260 ## - PUBLICATION, DISTRIBUTION, ETC. (IMPRINT)
Place of publication Agra :
Name of publisher Ratan Prakashan Mandir ,
Year of publication 1985.
300 ## - PHYSICAL DESCRIPTION
Number of Pages 704 ; .
700 1# - ADDED ENTRY--PERSONAL NAME
Personal name Subramanyan, N .
942 ## - ADDED ENTRY ELEMENTS (KOHA)
Koha item type Books
Holdings
Withdrawn status Lost status Damaged status Home library Current library Date acquired Full call number Accession Number Koha item type
      KAUAET KAUAET 01/09/1986 537 BRI/TE 15576 Books
free website counter